Hướng dẫn tham gia thị trường chứng khoán

Sparad:
Bibliografiska uppgifter
Huvudupphovsman: Trần, Minh Kiệt
Materialtyp: Bok
Språk:Undetermined
Publicerad: Hà Nội Lao động - Xã hội 2006
Ämnen:
Taggar: Lägg till en tagg
Inga taggar, Lägg till första taggen!
Thư viện lưu trữ: Trung tâm Học liệu Trường Đại học Cần Thơ
LEADER 00555nam a2200181Ia 4500
001 CTU_103523
008 210402s9999 xx 000 0 und d
082 |a 332.642 
082 |b K308 
100 |a Trần, Minh Kiệt 
245 0 |a Hướng dẫn tham gia thị trường chứng khoán 
245 0 |c Trần Minh Kiệt 
260 |a Hà Nội 
260 |b Lao động - Xã hội 
260 |c 2006 
650 |a Bank marketing,Stock exchanges 
904 |i Năm 
980 |a Trung tâm Học liệu Trường Đại học Cần Thơ